000 00933nas a2200253 4500
001 BR7601933
003 BR-BrBNA
005 20231205082945.0
007 ta
008 230509b bl.|||p| |||| 00| 00por d
040 _aBR-BrBNA
_bpor
_cBiblioteca Nacional de Agricultura
041 _a(Pt)
072 _aH10
100 1 _aGoncalves, C.R. (Universidade Federal Rural do Rio de Janeiro, Itaguai (Brazil)) Goncalves, A.J.L.
111 1 _a2. Congresso Brasileiro da Sociedade Entomologica do Brasil
_cPelotas, RS (Brazil)
_d1975
245 1 _aObservacoes sobre moscas da familia Syrphidae predadoras de homopteros [Praga de planta]
650 _aPraga de planta
650 _aMosca
650 _aHomoptero
650 _aControle biologico
773 0 _tAnais da Sociedade Entomologica do Brasil (Brazil)
_xISSN 0301-8059
_g(1976), v. 5(1) p. 3-10
_wBR7601933
909 _a202311
_bLúcia
_c55
_dLúcia Elande
942 _2AGRIS
_n0
_cANA
999 _c95372
_d95372